000 01112nam0a22002651 4500
001 rc\3362581
005 20250609183945.0
021 _aRU
_b70-105195
021 _aRU
_bРг5946-70
035 _a(NLR Aleph) 007442756
090 _a7133175
_c7133175
100 _a20130115d1969 |||y0rusy50 ca
101 0 _arus
102 _aRU
105 _ay z |||||
200 1 _aНаучное обоснование специализации стационарной помощи
_fМ-во здрав. СССР. Центр. ордена Ленина ин-т усовершенствования врачей. Моск. междунар. курсы ВОЗ повышенного типа по планированию здравоохранения (с 7 окт. по 7 дек. 1969 г.)
210 _aМосква
_cБ. и.
_d1969
215 _a[1], 16 с.
_d20
309 _aОтпеч. множит. аппаратом
700 1 _aЛогинова
_bЕ.А.
_f1915-
_gЕлена Андреевна
801 0 _aRU
_bNLR
_gpsbo
801 1 _aRU
_bELAR
_2rusmarc
852 _aNLR
_j70-4/6248
942 _cBOOK
980 _aNB